Comparative study of Regionalism in the works of R.K. Narayan and zaverchand Meghani/ (Record no. 172839)

MARC details
000 -LEADER
fixed length control field 00584nam a22001817a 4500
005 - DATE AND TIME OF LATEST TRANSACTION
control field 20200213144353.0
010 ## - LCCN (DPL NO)
LC control number ENG-127733
020 ## - INTERNATIONAL STANDARD BOOK NUMBER
Terms of availability 150.00
International Standard Book Number 9789388927437
035 ## - SYSTEM CONTROL NUMBER
System control number EN-111265
037 ## - SOURCE OF ACQUISITION
Source of stock number/acquisition DBAD/PUB
082 ## - DEWEY DECIMAL CLASSIFICATION NUMBER
Classification number 883.08
100 ## - MAIN ENTRY--PERSONAL NAME
Personal name Sarvaiya,Priyaba
245 ## - TITLE STATEMENT
Title Comparative study of Regionalism in the works of R.K. Narayan and zaverchand Meghani/
Statement of responsibility, etc by Priyaba Sarvaiya
260 ## - PUBLICATION, DISTRIBUTION, ETC. (IMPRINT)
Place of publication, distribution, etc Ahmedabad
Date of publication, distribution, etc 2019
Name of publisher, distributor, etc Vedant Publication
270 ## - ADDRESS
Address Rajkot, Ahmedabad, Surat
Postal code 360001
City Ahmedabad
300 ## - PHYSICAL DESCRIPTION
Extent 154p.
Other physical details 21cm(pbk)
942 ## - ADDED ENTRY ELEMENTS (KOHA)
Source of classification or shelving scheme Dewey Decimal Classification
Item type English Books
Classification part 883.08
Call number suffix PRI
Holdings
Withdrawn status Lost status Not for loan Collection code Home library Current library Date acquired Source of acquisition Cost, normal purchase price Full call number Barcode Copy number Cost, replacement price Koha item type
      Non-fiction Central Library Central Library 13/02/2020 DBAD/PUB 150.00 883.08 PRI EN-111265 1 150.00 English Books

© Delhi Public Library
Hit Counter
free hit counter